| Tag |
First Indicator |
Second Indicator |
Subfields |
| LEADER |
00000cgm a2200000Mi 4500 |
| 001 |
in00005542913 |
| 006 |
m o c |
| 007 |
cr |n||||||||a |
| 007 |
vz |za|z| |
| 008 |
190410s2014 enk030 e o vueng d |
| 005 |
20241201225949.5 |
| 035 |
|
|
|a (OCoLC)on1101021305
|
| 040 |
|
|
|a ALSTP
|b eng
|e rda
|c ALSTP
|d OCLCF
|d OCLCO
|d OCLCL
|d OCLCQ
|d NUI
|
| 019 |
|
|
|a 1373520054
|a 1430831585
|a 1443974791
|
| 035 |
|
|
|a (OCoLC)1101021305
|z (OCoLC)1373520054
|z (OCoLC)1430831585
|z (OCoLC)1443974791
|
| 049 |
|
|
|a TXAM
|
| 245 |
0 |
4 |
|a The wonder of animals.
|n Series 1, Episode 7,
|p Great apes /
|c producer and director, Emily Taylor ; series producer, Aaron Paul ; BBC Earth.
|
| 246 |
3 |
0 |
|a Great apes
|
| 264 |
|
1 |
|a London, England :
|b BBC Worldwide,
|c 2014.
|
| 300 |
|
|
|a 1 online resource (30 minutes)
|
| 306 |
|
|
|a 002946
|
| 336 |
|
|
|a two-dimensional moving image
|b tdi
|2 rdacontent
|
| 337 |
|
|
|a computer
|b c
|2 rdamedia
|
| 337 |
|
|
|a video
|b v
|2 rdamedia
|
| 338 |
|
|
|a online resource
|b cr
|2 rdacarrier
|
| 347 |
|
|
|a video file
|2 rda
|
| 490 |
0 |
|
|a Academic Video Online
|
| 500 |
|
|
|a Title from resource description page (viewed April 10, 2019).
|
| 511 |
0 |
|
|a Narrated by Chris Packham.
|
| 520 |
|
|
|a There are more than 10 million species on the planet, but why have some thrived where others have failed? The Wonder of Animals celebrates the most successful animal groups on Earth - from apes to elephants, ants to bears. Discover why, despite appearing clumsy and comical, penguins actually have an anatomy that is perfect for their environment and how the dominance of big cats is down to more than just their brawn. New science is combined with the very latest animal behaviour research and extensive BBC natural history HD archive footage to build a complete picture of each animal, revealing how its unique characteristics have contributed to its success. Chris Packham explores the evolution of the great ape's brain to reveal how different parts have been adapted over time by its anatomy, ingenuity and sociability, culminating in one of the most complex brains on the planet. Chris examines how the ability to use two hands asymmetrically sets the great ape apart from other tool-using animals and how social living is linked to the evolution of the amygdala in both humans and our ape cousins. New research reveals how bonobos' peace-loving reputation may have developed through a similar domestication process to that undergone by our pet dogs.
|
| 546 |
|
|
|a In English.
|
| 650 |
|
0 |
|a Animal behavior.
|
| 650 |
|
0 |
|a Animals.
|
| 650 |
|
0 |
|a Apes.
|
| 650 |
|
7 |
|a Animal behavior.
|2 fast
|0 (OCoLC)fst00809079
|
| 650 |
|
7 |
|a Animals.
|2 fast
|0 (OCoLC)fst00809468
|
| 650 |
|
7 |
|a Apes.
|2 fast
|0 (OCoLC)fst00811248
|
| 655 |
|
7 |
|a Documentary television programs.
|2 fast
|0 (OCoLC)fst01710387
|
| 655 |
|
7 |
|a Wildlife television programs.
|2 fast
|0 (OCoLC)fst01726242
|
| 655 |
|
7 |
|a Documentary television programs.
|2 lcgft
|
| 655 |
|
7 |
|a Wildlife television programs.
|2 lcgft
|
| 655 |
|
7 |
|a Documentaires télévisés.
|2 rvmgf
|
| 655 |
|
7 |
|a Émissions télévisées sur la faune et la flore.
|2 rvmgf
|
| 700 |
1 |
|
|a Taylor, Emily
|c (Television producer),
|e director,
|e producer.
|1 https://id.oclc.org/worldcat/entity/E39PCjvkRTJ8fG66m3KdrXcPjP
|
| 700 |
1 |
|
|a Packham, Chris,
|d 1961-
|e narrator.
|1 https://id.oclc.org/worldcat/entity/E39PBJcgv4yYQcfhwdTfxRgkDq
|
| 710 |
2 |
|
|a British Broadcasting Corporation,
|e production company.
|
| 710 |
2 |
|
|a BBC Worldwide Ltd.,
|e film distributor.
|
| 758 |
|
|
|i has work:
|a Series 1, Episode 7 Great apes The wonder of animals (MovingImage)
|1 https://id.oclc.org/worldcat/entity/E39PCGhHKw3dtcBwhbVmyphF4y
|4 https://id.oclc.org/worldcat/ontology/hasWork
|
| 856 |
4 |
0 |
|u http://proxy.library.tamu.edu/login?url=https://www.aspresolver.com/aspresolver.asp?MARC;4035864
|z Connect to this streaming video (Alexander Street Press)
|t 0
|
| 955 |
|
|
|a Alexander Street Press subscription streaming video
|
| 994 |
|
|
|a 92
|b TXA
|
| 999 |
f |
f |
|s 57cca1d7-1754-4004-b9f4-3be6a927ef8a
|i c844b1dd-d687-4fe8-ba9f-192f9059c3e7
|t 0
|
| 952 |
f |
f |
|a Texas A&M University
|b College Station
|c Electronic Resources
|d Available Online
|t 0
|h Library of Congress classification
|
| 998 |
f |
f |
|t 0
|l Available Online
|